000 00494nam a22001337a 4500
082 _a624.18210218
_bAME
_cL-39, P-171
110 _aAmerican Institute of steel construction, Inc
_943133
245 _aCode of standard practice for steel buildings and bridges /
_cAmerican Institute of steel construction, Inc
260 _aUSA :
_bAmerican Institute of Steel Construction, Inc
_c2001.
300 _a52 p. :
526 _a0
_b0
_c0
_d624_182102180000000_AME
650 _aMCE
_9379
942 _2ddc
_cBK
999 _c546934
_d546934